[Event "Albert Boxer Classic op"]
[Site "Winnipeg CAN"]
[Date "2007.05.13"]
[Round "4"]
[White "Lipnowski, Samuel"]
[Black "Vlaovic, George"]
[Result "1-0"]
[WhiteElo "2276"]
[BlackElo "2219"]
[PlyCount "115"]
[GameId "2160767910684532"]
[EventDate "2007.05.11"]
[EventType "swiss"]
[EventRounds "5"]
[EventCountry "CAN"]
[SourceTitle "EXT 2019"]
[Source "ChessBase"]
[SourceDate "2018.10.10"]
[SourceVersion "1"]
[SourceVersionDate "2018.10.10"]
[SourceQuality "1"]

1. e4 c5 2. Nf3 Nf6 3. Nc3 d5 4. exd5 Nxd5 5. Bb5+ Bd7 6. Qe2 Nf6 7. Ne5 a6 8. Bc4 e6 9. a4 Be7 10. O-O O-O 11. Nxd7 Qxd7 12. Ne4 Nd5 13. Ra3 f5 14. Nc3 Rf6 15. Nxd5 exd5 16. Bxd5+ Qxd5 17. Qxe7 Re6 18. Qc7 Nc6 19. Qxb7 Rb8 20. Qc7 Rb4 21. Rg3 Re7 22. Qc8+ Kf7 23. Qh8 Rg4 24. Rxg4 fxg4 25. Qxh7 Nd4 26. d3 Nxc2 27. Be3 Re6 28. Qh4 Rf6 29. Qxg4 Nxe3 30. fxe3 Qxd3 31. Qh5+ Kg8 32. Rxf6 gxf6 33. Qxc5 Qb1+ 34. Kf2 Qxb2+ 35. Kg3 Qe2 36. h3 Kf7 37. Kh2 Kg7 38. a5 Kf7 39. Qc7+ Kf8 40. Qf4 Kf7 41. e4 Ke7 42. Qf5 Qd3 43. Qc5+ Ke8 44. e5 fxe5 45. Qxe5+ Kd7 46. h4 Kc8 47. h5 Kb7 48. h6 Kc6 49. Qg7 Qd6+ 50. g3 Qd2+ 51. Kh3 Qxa5 52. Qg6+ Kb7 53. Qf7+ Kc6 54. h7 Qe5 55. Qg6+ Kb7 56. g4 a5 57. g5 a4 58. Qf7+ 1-0

[Event "Albert Boxer Classic op"]
[Site "Winnipeg CAN"]
[Date "2007.05.13"]
[Round "4"]
[White "Morin, Barry"]
[Black "Gibbons, Lorne"]
[Result "1-0"]
[WhiteElo "1207"]
[BlackElo "1308"]
[PlyCount "45"]
[GameId "2160767910684533"]
[EventDate "2007.05.11"]
[EventType "swiss"]
[EventRounds "5"]
[EventCountry "CAN"]
[SourceTitle "EXT 2019"]
[Source "ChessBase"]
[SourceDate "2018.10.10"]
[SourceVersion "1"]
[SourceVersionDate "2018.10.10"]
[SourceQuality "1"]

1. e4 c5 2. Nf3 Nc6 3. Nc3 d6 4. Bb5 Bd7 5. O-O e5 6. Nd5 a6 7. Ba4 b5 8. Bb3 c4 9. Bxc4 bxc4 10. d4 cxd3 11. cxd3 Nge7 12. Ng5 h6 13. Qh5 Ng6 14. Nxf7 Kxf7 15. f4 Be8 16. f5 Kg8 17. fxg6 Ne7 18. Qg4 Qd7 19. Qf3 Nxg6 20. h4 Qf7 21. Qg4 Qd7 22. Qg3 Ne7 23. Nf6+ 1-0

[Event "Albert Boxer Classic op"]
[Site "Winnipeg CAN"]
[Date "2007.05.13"]
[Round "4"]
[White "Silva, T Romero"]
[Black "Oberton, Daniel"]
[Result "0-1"]
[WhiteElo "1852"]
[BlackElo "2022"]
[PlyCount "98"]
[GameId "2160767910684534"]
[EventDate "2007.05.11"]
[EventType "swiss"]
[EventRounds "5"]
[EventCountry "CAN"]
[SourceTitle "EXT 2019"]
[Source "ChessBase"]
[SourceDate "2018.10.10"]
[SourceVersion "1"]
[SourceVersionDate "2018.10.10"]
[SourceQuality "1"]

1. e4 c5 2. Nf3 d6 3. d4 cxd4 4. Nxd4 Nf6 5. f3 g6 6. Bc4 Bg7 7. Be3 Nc6 8. Nc3 O-O 9. Qd2 Bd7 10. Nxc6 bxc6 11. Bh6 Qb6 12. Bxg7 Kxg7 13. Na4 Qb7 14. Bb3 c5 15. Nc3 a5 16. O-O c4 17. Bxc4 Qxb2 18. a4 Qb4 19. Bb3 Rfc8 20. Nb1 Qc5+ 21. Kh1 Be6 22. Na3 Nd7 23. h3 Ne5 24. Bxe6 fxe6 25. Qg5 Ra7 26. f4 Nc4 27. f5 Qe5 28. Nxc4 Rxc4 29. Qe3 Rac7 30. fxe6 Qxe6 31. e5 Qxe5 32. Qf3 Qf6 33. Qa8 Rc8 34. Qxa5 Qh4 35. Qd5 Rxc2 36. Rf7+ Kh6 37. Raf1 R8c5 38. Qa8 Re5 39. Qg8 Qe4 40. Qxh7+ Kg5 41. R1f3 Qh4 42. Qg7 Rce2 43. Kh2 R2e3 44. g3 Re2+ 45. Rf2 Qe4 46. h4+ Kg4 47. R7f4+ Qxf4 48. Qxg6+ Rg5 49. gxf4 Rxf2+ 0-1

[Event "Albert Boxer Classic op"]
[Site "Winnipeg CAN"]
[Date "2007.05.13"]
[Round "5"]
[White "Barkman, Daniel"]
[Black "Atem, James"]
[Result "0-1"]
[WhiteElo "1559"]
[BlackElo "1715"]
[PlyCount "118"]
[GameId "2160767910684535"]
[EventDate "2007.05.11"]
[EventType "swiss"]
[EventRounds "5"]
[EventCountry "CAN"]
[SourceTitle "EXT 2019"]
[Source "ChessBase"]
[SourceDate "2018.10.10"]
[SourceVersion "1"]
[SourceVersionDate "2018.10.10"]
[SourceQuality "1"]

1. e4 e5 2. Nf3 d6 3. Bc4 Nc6 4. O-O Bg4 5. c3 Qf6 6. Be2 h6 7. d3 Be7 8. Be3 Qg6 9. Nbd2 Bh3 10. Ne1 Nf6 11. Ndf3 Bd7 12. Nh4 Qh7 13. Nhf3 g5 14. Kh1 Ng8 15. Ng1 h5 16. f3 g4 17. d4 Nf6 18. Bd3 h4 19. b4 h3 20. g3 Nh5 21. Ne2 exd4 22. Bxd4 Rg8 23. f4 O-O-O 24. Bf2 a6 25. a4 f5 26. b5 fxe4 27. bxc6 Bxc6 28. Nd4 exd3+ 29. Nxc6 Qe4+ 30. Kg1 Qxc6 31. Qxd3 Rdf8 32. Qh7 Qe8 33. Qe4 Nf6 34. Qe3 Nd7 35. Rb1 Qf7 36. Qe4 d5 37. Qd3 Nc5 38. Qc2 Qe6 39. Bd4 Qc6 40. Nd3 Nxd3 41. Qxd3 Re8 42. Qf5+ Kb8 43. Rb3 Bc5 44. Rfb1 Bxd4+ 45. cxd4 b6 46. Qd3 a5 47. Qa6 Re6 48. Qxa5 Rgg6 49. Qb4 Qc2 50. R3b2 Qd3 51. a5 Re2 52. Qf8+ Kb7 53. Rxb6+ Rxb6 54. Rxb6+ cxb6 55. a6+ Kxa6 56. Qa8+ Kb5 57. Qxd5+ Kb4 58. Qd6+ Kc3 59. Qc6+ Kd2 0-1

[Event "Albert Boxer Classic op"]
[Site "Winnipeg CAN"]
[Date "2007.05.13"]
[Round "5"]
[White "Crawford, Gary"]
[Black "Goodman, Clifford"]
[Result "1-0"]
[WhiteElo "1310"]
[BlackElo "1598"]
[PlyCount "58"]
[GameId "2160767910684536"]
[EventDate "2007.05.11"]
[EventType "swiss"]
[EventRounds "5"]
[EventCountry "CAN"]
[SourceTitle "EXT 2019"]
[Source "ChessBase"]
[SourceDate "2018.10.10"]
[SourceVersion "1"]
[SourceVersionDate "2018.10.10"]
[SourceQuality "1"]

1. e4 c5 2. Nf3 Nc6 3. Bc4 e6 4. O-O Be7 5. e5 Qc7 6. Re1 a6 7. c3 d5 8. Bb3 c4 9. Bc2 Bc5 10. d4 cxd3 11. Bxd3 Nge7 12. Be3 Bxe3 13. Rxe3 Ng6 14. Bxg6 hxg6 15. Qe2 b5 16. Nbd2 Bb7 17. Rc1 Qa5 18. a3 Ke7 19. Nd4 Nxd4 20. cxd4 Rac8 21. Qd1 Rxc1 22. Qxc1 Rc8 23. Qd1 b4 24. f4 bxa3 25. Rxa3 Qb6 26. Nf3 Qxb2 27. Rb3 Rc1 28. Rxb2 Rxd1+ 29. Kf2 Rc1 1-0

[Event "Albert Boxer Classic op"]
[Site "Winnipeg CAN"]
[Date "2007.05.13"]
[Round "5"]
[White "Gentes, Kevin"]
[Black "Oberton, Daniel"]
[Result "1-0"]
[WhiteElo "2274"]
[BlackElo "2022"]
[PlyCount "59"]
[GameId "2160767910684537"]
[EventDate "2007.05.11"]
[EventType "swiss"]
[EventRounds "5"]
[EventCountry "CAN"]
[SourceTitle "EXT 2019"]
[Source "ChessBase"]
[SourceDate "2018.10.10"]
[SourceVersion "1"]
[SourceVersionDate "2018.10.10"]
[SourceQuality "1"]

1. c4 Nf6 2. g3 g6 3. b4 Bg7 4. Bb2 d6 5. Bg2 c5 6. b5 O-O 7. Nf3 a6 8. a4 d5 9. Na3 Be6 10. Ng5 h6 11. Nxe6 fxe6 12. Qc2 Kh7 13. O-O Qd6 14. d3 Nbd7 15. a5 Qc7 16. b6 Qd6 17. e4 d4 18. e5 Nxe5 19. Bxb7 Rab8 20. Bg2 Nc6 21. Nb1 Nb4 22. Qe2 e5 23. Nd2 e6 24. h4 Nd7 25. Ba3 Nc6 26. Ne4 Qe7 27. Nxc5 Nxc5 28. Bxc6 Rfc8 29. Be4 Qf6 30. Bxc5 1-0

[Event "Albert Boxer Classic op"]
[Site "Winnipeg CAN"]
[Date "2007.05.13"]
[Round "5"]
[White "Joven, Perfecto"]
[Black "Morin, Barry"]
[Result "1-0"]
[WhiteElo "1831"]
[BlackElo "1207"]
[PlyCount "63"]
[GameId "2160767910684538"]
[EventDate "2007.05.11"]
[EventType "swiss"]
[EventRounds "5"]
[EventCountry "CAN"]
[SourceTitle "EXT 2019"]
[Source "ChessBase"]
[SourceDate "2018.10.10"]
[SourceVersion "1"]
[SourceVersionDate "2018.10.10"]
[SourceQuality "1"]

1. e4 c5 2. Nf3 Nc6 3. d4 cxd4 4. Nxd4 e6 5. Nb5 a6 6. Nd6+ Bxd6 7. Qxd6 Qe7 8. Qg3 f6 9. Be2 Nd4 10. Bd3 e5 11. Nc3 d6 12. Nd5 Qf7 13. c4 Be6 14. O-O Bxd5 15. exd5 Ne7 16. Re1 Nef5 17. Qg4 Qg6 18. Qh3 Qf7 19. Bxf5 Nxf5 20. Qxf5 O-O 21. Re4 Rac8 22. Rh4 g6 23. Qd3 Rc5 24. Be3 Rc7 25. b4 Rfc8 26. Bb6 Re7 27. c5 Rce8 28. cxd6 Rd7 29. Bc7 f5 30. Rd1 Qf6 31. Rh3 e4 32. Qd4 1-0

[Event "Albert Boxer Classic op"]
[Site "Winnipeg CAN"]
[Date "2007.05.13"]
[Round "5"]
[White "Kwiatek, Jordan"]
[Black "Khedkar, Jay S"]
[Result "0-1"]
[WhiteElo "1956"]
[BlackElo "2063"]
[PlyCount "64"]
[GameId "2160767910684539"]
[EventDate "2007.05.11"]
[EventType "swiss"]
[EventRounds "5"]
[EventCountry "CAN"]
[SourceTitle "EXT 2019"]
[Source "ChessBase"]
[SourceDate "2018.10.10"]
[SourceVersion "1"]
[SourceVersionDate "2018.10.10"]
[SourceQuality "1"]

1. d4 e6 2. Nf3 Nf6 3. c4 d5 4. Nc3 Nbd7 5. cxd5 exd5 6. Bg5 c6 7. e3 Qa5 8. Qd2 Bb4 9. Bxf6 Nxf6 10. Bd3 O-O 11. a3 Ne4 12. Bxe4 dxe4 13. Ne5 Be6 14. f3 f6 15. Ng4 Rad8 16. O-O Bxc3 17. bxc3 Qg5 18. h3 exf3 19. Rxf3 Bxg4 20. hxg4 Qxg4 21. Rb1 b6 22. Rf4 Qe6 23. e4 g5 24. Rf3 Qxe4 25. Re1 Qd5 26. Re7 Rd7 27. Rfe3 c5 28. Qc2 Rxe7 29. Rxe7 Rf7 30. Re8+ Kg7 31. Qd2 cxd4 32. cxd4 Rd7 0-1

[Event "Albert Boxer Classic op"]
[Site "Winnipeg CAN"]
[Date "2007.05.13"]
[Round "5"]
[White "Lipic, Stephen"]
[Black "Campbell, Jamie"]
[Result "0-1"]
[WhiteElo "1646"]
[BlackElo "1520"]
[PlyCount "58"]
[GameId "2160767910684540"]
[EventDate "2007.05.11"]
[EventType "swiss"]
[EventRounds "5"]
[EventCountry "CAN"]
[SourceTitle "EXT 2019"]
[Source "ChessBase"]
[SourceDate "2018.10.10"]
[SourceVersion "1"]
[SourceVersionDate "2018.10.10"]
[SourceQuality "1"]

1. f4 Nf6 2. Nc3 g6 3. e4 d6 4. Nf3 Bg7 5. b3 Nxe4 6. Nxe4 Bxa1 7. c3 f5 8. Ng3 b6 9. Ba3 Bxc3 10. dxc3 Bb7 11. Bb5+ Nd7 12. O-O a6 13. Be2 e5 14. fxe5 dxe5 15. Re1 Qf6 16. Bc1 f4 17. Nh1 O-O-O 18. Qc2 e4 19. Nd2 f3 20. Nxe4 Bxe4 21. Qxe4 fxe2 22. h4 Qxc3 23. Qxe2 Rhe8 24. Qxa6+ Kb8 25. Rf1 Re1 26. Bf4 Qd4+ 27. Nf2 Rxf1+ 28. Kxf1 Qxf4 29. b4 Qxb4 0-1

[Event "Albert Boxer Classic op"]
[Site "Winnipeg CAN"]
[Date "2007.05.13"]
[Round "5"]
[White "Lipnowski, Samuel"]
[Black "Kaptsan, Aron"]
[Result "1-0"]
[WhiteElo "2276"]
[BlackElo "2041"]
[PlyCount "81"]
[GameId "2160767910684541"]
[EventDate "2007.05.11"]
[EventType "swiss"]
[EventRounds "5"]
[EventCountry "CAN"]
[SourceTitle "EXT 2019"]
[Source "ChessBase"]
[SourceDate "2018.10.10"]
[SourceVersion "1"]
[SourceVersionDate "2018.10.10"]
[SourceQuality "1"]

1. e4 e5 2. Nf3 Nc6 3. Bb5 a6 4. Ba4 Nf6 5. O-O Be7 6. Re1 b5 7. Bb3 d6 8. c3 O-O 9. h3 Na5 10. Bc2 c5 11. d4 Qc7 12. Nbd2 Rd8 13. dxe5 dxe5 14. Qe2 c4 15. Nf1 Bb7 16. Ng3 Bc6 17. Nf5 Nb7 18. Bg5 Nc5 19. Nxe7+ Qxe7 20. Nh4 Nd3 21. Bxd3 Rxd3 22. Rad1 Rad8 23. Nf5 Qe6 24. f3 Kf8 25. Rxd3 Rxd3 26. Qf2 Nd7 27. Qa7 f6 28. Be3 g6 29. Ng3 h5 30. Qxa6 h4 31. Qc8+ Kf7 32. Nf1 g5 33. Qh8 Kg6 34. Bf2 Qd6 35. Qe8+ Kg7 36. Ne3 Qf8 37. Nf5+ Kh7 38. Qh5+ Kg8 39. Qg6+ Kh8 40. Be3 Bb7 41. Kh2 1-0

[Event "Albert Boxer Classic op"]
[Site "Winnipeg CAN"]
[Date "2007.05.13"]
[Round "5"]
[White "Liu, Weixi"]
[Black "Boron, Anthony"]
[Result "1/2-1/2"]
[WhiteElo "1654"]
[BlackElo "1999"]
[PlyCount "25"]
[GameId "2160767910684542"]
[EventDate "2007.05.11"]
[EventType "swiss"]
[EventRounds "5"]
[EventCountry "CAN"]
[SourceTitle "EXT 2019"]
[Source "ChessBase"]
[SourceDate "2018.10.10"]
[SourceVersion "1"]
[SourceVersionDate "2018.10.10"]
[SourceQuality "1"]

1. d4 d5 2. c4 e5 3. dxe5 d4 4. a3 c5 5. Nf3 Nc6 6. e3 Bg4 7. Be2 Bf5 8. exd4 cxd4 9. Bd3 Nge7 10. O-O Bg4 11. Be2 Bf5 12. Bd3 Bg4 13. Be2 1/2-1/2

[Event "Arnprior op"]
[Site "Arnprior CAN"]
[Date "2007.??.??"]
[Round "?"]
[White "Doubleday, William"]
[Black "Smith, Maurice"]
[Result "1-0"]
[WhiteElo "2219"]
[BlackElo "1730"]
[PlyCount "75"]
[GameId "2160767910684653"]
[EventDate "2007.05.05"]
[EventType "swiss"]
[EventRounds "5"]
[EventCountry "CAN"]

1. d4 c5 2. d5 d6 3. e4 Nf6 4. Nc3 g6 5. Nf3 Bg7 6. Be2 O-O 7. O-O Bg4 8. h3 Bxf3 9. Bxf3 Nbd7 10. a4 Ne8 11. Bg5 h6 12. Be3 Nc7 13. Qd2 Kh7 14. Be2 a6 15. f4 Rb8 16. a5 b5 17. axb6 Rxb6 18. Na4 Rb8 19. c4 Rb4 20. Rfb1 Qb8 21. Qc2 Rb3 22. Nc3 Bd4 23. Bxd4 cxd4 24. Nb5 Qb6 25. Kh1 Re3 26. Nxc7 Qxc7 27. b4 Qb6 28. c5 dxc5 29. Rxa6 Qc7 30. e5 Nxe5 31. fxe5 Qxe5 32. Bc4 cxb4 33. Rf1 Kg7 34. Rxf7+ Rxf7 35. Qxg6+ Kh8 36. Ra8+ Qb8 37. Rxb8+ Rf8 38. Rxf8# 1-0

[Event "Back to School op"]
[Site "Edmonton CAN"]
[Date "2007.09.06"]
[Round "1"]
[White "Hughey, Micah"]
[Black "Wu, Yi Lun"]
[Result "1/2-1/2"]
[WhiteElo "2152"]
[BlackElo "1751"]
[PlyCount "41"]
[GameId "2160767910579332"]
[EventDate "2007.09.06"]
[EventType "swiss"]
[EventRounds "5"]
[EventCountry "CAN"]

1. e4 c5 2. c3 d6 3. d4 Nf6 4. dxc5 dxc5 5. Qxd8+ Kxd8 6. Bc4 e6 7. f3 Bd6 8. Be3 Nc6 9. Nd2 Ne5 10. O-O-O Ke7 11. Ne2 b6 12. g4 Nxc4 13. Nxc4 Ba6 14. b3 Bxc4 15. bxc4 Rad8 16. h4 Bc7 17. Kc2 Rxd1 18. Rxd1 Rd8 19. Rh1 Nd7 20. Rh3 Ne5 21. Bf4 1/2-1/2

[Event "Back to School op"]
[Site "Edmonton CAN"]
[Date "2007.09.13"]
[Round "2"]
[White "Pua, Richard"]
[Black "Gardner, Robert"]
[Result "0-1"]
[WhiteElo "1964"]
[BlackElo "2249"]
[PlyCount "62"]
[GameId "2160767910579333"]
[EventDate "2007.09.06"]
[EventType "swiss"]
[EventRounds "5"]
[EventCountry "CAN"]

1. d4 Nf6 2. c4 e6 3. Nf3 b6 4. a3 Bb7 5. Nc3 d5 6. Bg5 Be7 7. e3 O-O 8. Bd3 Nbd7 9. O-O c5 10. Qe2 Rc8 11. Rfe1 dxc4 12. Bxc4 Bxf3 13. gxf3 cxd4 14. exd4 Nh5 15. Bd2 Bd6 16. Ne4 Nf4 17. Qf1 Bb8 18. Bb3 Qh4 19. Ng3 Rfd8 20. Rac1 Nf6 21. Rxc8 Rxc8 22. Rc1 Rd8 23. Be3 N6d5 24. Rc2 Nh3+ 25. Kg2 Ndf4+ 26. Kh1 Ng5 27. Qd1 Qh3 28. Qf1 Qxf1+ 29. Nxf1 Nxf3 30. Bxf4 Bxf4 31. d5 Nd4 0-1

[Event "Back to School op"]
[Site "Edmonton CAN"]
[Date "2007.09.13"]
[Round "2"]
[White "Yamach, Ahmet"]
[Black "Hughey, Micah"]
[Result "0-1"]
[WhiteElo "1829"]
[BlackElo "2152"]
[PlyCount "116"]
[GameId "2160767910579334"]
[EventDate "2007.09.06"]
[EventType "swiss"]
[EventRounds "5"]
[EventCountry "CAN"]

1. c4 e6 2. d4 d5 3. e3 Nf6 4. Nf3 c5 5. Nc3 Nc6 6. b3 cxd4 7. Nxd4 Bb4 8. Bb2 Qa5 9. Nde2 dxc4 10. bxc4 O-O 11. a3 Rd8 12. Qc2 Be7 13. Qa4 Qxa4 14. Nxa4 b6 15. Nec3 Bb7 16. Be2 Ne5 17. O-O Rac8 18. Nd5 exd5 19. Bxe5 dxc4 20. Rfc1 b5 21. Nc3 a6 22. Bd4 Nd7 23. Bg4 Ra8 24. Bxd7 Rxd7 25. f3 Bc6 26. Ne2 f6 27. Bc3 Bc5 28. Nd4 Bd5 29. Kf2 Kf7 30. Rcb1 Rb8 31. Ke2 g6 32. Nc2 f5 33. Bb4 Bxb4 34. axb4 Bb7 35. Rd1 Rbd8 36. Rxd7+ Rxd7 37. Rd1 Rxd1 38. Kxd1 Ke6 39. Kd2 Kd6 40. Nd4 Bd5 41. Kc3 Kc7 42. h3 Kb6 43. Nc2 a5 44. bxa5+ Kxa5 45. Nb4 Bf7 46. Nc2 g5 47. Nb4 h5 48. g3 h4 49. gxh4 gxh4 50. Nc6+ Ka4 51. e4 fxe4 52. fxe4 Be6 53. Nd4 b4+ 54. Kb2 c3+ 55. Kc2 Bxh3 56. e5 Ka3 57. e6 Bxe6 58. Nxe6 h3 0-1

[Event "Back to School op"]
[Site "Edmonton CAN"]
[Date "2007.09.20"]
[Round "3"]
[White "Gardner, Robert"]
[Black "Hughey, Micah"]
[Result "1-0"]
[WhiteElo "2243"]
[BlackElo "2147"]
[PlyCount "75"]
[GameId "2160767910579335"]
[EventDate "2007.09.06"]
[EventType "swiss"]
[EventRounds "5"]
[EventCountry "CAN"]

1. d4 d5 2. c4 e6 3. Nc3 c5 4. cxd5 exd5 5. Nf3 Nc6 6. g3 Nf6 7. Bg2 Be7 8. O-O O-O 9. Bg5 cxd4 10. Nxd4 h6 11. Be3 Re8 12. Rc1 Bf8 13. Nxc6 bxc6 14. Na4 Qa5 15. Bc5 Bg4 16. f3 Bf5 17. b3 Rac8 18. Re1 Nd7 19. Bxf8 Kxf8 20. Qd4 Be6 21. Nc5 Nxc5 22. Qxc5+ Qxc5+ 23. Rxc5 d4 24. Kf2 Red8 25. f4 Rd6 26. Rec1 Bd7 27. b4 Rb8 28. a3 Rb6 29. Rd1 Ra6 30. Rd3 Ke7 31. Rc4 Ra4 32. Ke1 c5 33. Rxc5 Rda6 34. Rxd4 Rxa3 35. Re5+ Be6 36. f5 Kf6 37. fxe6 Kxe5 38. Re4+ 1-0

[Event "Back to School op"]
[Site "Edmonton CAN"]
[Date "2007.09.20"]
[Round "3"]
[White "Seehagen, Terry"]
[Black "Zeggelaar, Mike"]
[Result "1/2-1/2"]
[WhiteElo "1712"]
[BlackElo "1522"]
[PlyCount "44"]
[GameId "2160767910579336"]
[EventDate "2007.09.06"]
[EventType "swiss"]
[EventRounds "5"]
[EventCountry "CAN"]

1. e4 c5 2. Nc3 Nc6 3. Bb5 a6 4. Bxc6 bxc6 5. d4 cxd4 6. Qxd4 e6 7. Be3 d5 8. exd5 cxd5 9. Nf3 Qf6 10. Qd2 Ne7 11. Bg5 Qf5 12. Nd4 Qe5+ 13. Nce2 Nf5 14. Bf4 Qf6 15. Nf3 Qxb2 16. O-O Bb4 17. c3 Qxd2 18. Nxd2 Be7 19. Rab1 O-O 20. c4 Rd8 21. g4 Nh4 22. Nd4 dxc4 1/2-1/2

[Event "Back to School op"]
[Site "Edmonton CAN"]
[Date "2007.09.20"]
[Round "3"]
[White "Sekuloff, Mike"]
[Black "Motuz, Vitaly"]
[Result "0-1"]
[WhiteElo "1614"]
[BlackElo "1770"]
[PlyCount "74"]
[GameId "2160767910579337"]
[EventDate "2007.09.06"]
[EventType "swiss"]
[EventRounds "5"]
[EventCountry "CAN"]

1. b3 d6 2. Bb2 e5 3. e3 Nc6 4. Nf3 Nf6 5. Bb5 Bd7 6. O-O a6 7. Bxc6 Bxc6 8. d4 e4 9. Nfd2 Be7 10. c4 O-O 11. Nc3 d5 12. Rc1 Rc8 13. cxd5 Bxd5 14. Nxd5 Qxd5 15. Nc4 Nd7 16. Qc2 c5 17. dxc5 Bxc5 18. Rfd1 Qe6 19. Qc3 f6 20. Qd2 Rfd8 21. Qa5 b5 22. Nd2 f5 23. a4 f4 24. Nf1 fxe3 25. Rxc5 e2 26. Qc3 exf1=Q+ 27. Kxf1 Nf6 28. Rxd8+ Rxd8 29. Qc2 Ng4 30. Rc7 Rd7 31. Rc8+ Kf7 32. Qc3 Nxh2+ 33. Ke1 Qh6 34. Ba3 Nf3+ 35. gxf3 Qh1+ 36. Ke2 Qd1+ 37. Ke3 Qxf3# 0-1

[Event "Back to School op"]
[Site "Edmonton CAN"]
[Date "2007.09.20"]
[Round "3"]
[White "Wihnon, Jason"]
[Black "McKay, Arnold"]
[Result "1-0"]
[WhiteElo "1779"]
[BlackElo "1671"]
[PlyCount "83"]
[GameId "2160767910579338"]
[EventDate "2007.09.06"]
[EventType "swiss"]
[EventRounds "5"]
[EventCountry "CAN"]

1. e4 c5 2. Nf3 d6 3. d4 cxd4 4. Qxd4 Nc6 5. Bb5 Bd7 6. Bxc6 Bxc6 7. Nc3 e5 8. Qd3 Nf6 9. Bg5 Be7 10. Rd1 Qa5 11. O-O O-O-O 12. Bxf6 gxf6 13. Nd5 Bxd5 14. exd5 Qa4 15. b3 Qd7 16. Nh4 Rdg8 17. Nf5 Bf8 18. f4 h5 19. fxe5 fxe5 20. Qe3 Kb8 21. Rf3 h4 22. Rdf1 f6 23. Qe4 h3 24. g3 Rg5 25. Ne3 Be7 26. Rf5 Rg7 27. Ng4 Bd8 28. Nxf6 Bb6+ 29. Kh1 Qc8 30. Qd3 Rc7 31. c4 a6 32. Ne4 Qd8 33. Rf7 Rxf7 34. Rxf7 Rg8 35. Qf3 Bc7 36. Qf5 Ka7 37. Qxh3 Rh8 38. Qd7 Qxd7 39. Rxd7 Rc8 40. Nxd6 Bxd6 41. Rxd6 Re8 42. Re6 1-0

[Event "Back to School op"]
[Site "Edmonton CAN"]
[Date "2007.09.27"]
[Round "4"]
[White "Hughey, Micah"]
[Black "Wihnon, Jason"]
[Result "1/2-1/2"]
[WhiteElo "2147"]
[BlackElo "1802"]
[PlyCount "76"]
[GameId "2160767910579339"]
[EventDate "2007.09.06"]
[EventType "swiss"]
[EventRounds "5"]
[EventCountry "CAN"]

1. e4 e5 2. Nf3 Nc6 3. Nc3 Nf6 4. d4 exd4 5. Nxd4 Bc5 6. Nxc6 dxc6 7. Qxd8+ Kxd8 8. Bg5 h6 9. Bxf6+ gxf6 10. O-O-O+ Ke7 11. f3 Be6 12. Bd3 b5 13. g4 Bd4 14. Ne2 Be3+ 15. Kb1 a5 16. Ng3 Bf4 17. Ne2 Be3 18. Ng3 Bf4 19. Rhe1 b4 20. Rh1 c5 21. Ne2 Be3 22. c4 h5 23. h3 hxg4 24. fxg4 Rad8 25. Ng3 a4 26. Nf5+ Bxf5 27. exf5 Rd4 28. Kc2 Re8 29. Rde1 Kf8 30. Rh2 Bh6 31. Rxe8+ Kxe8 32. b3 a3 33. Re2+ Kd7 34. Be4 c6 35. h4 Rd6 36. h5 Bg5 37. Bd3 Rd4 38. Be4 Rd6 1/2-1/2

[Event "Bayview Games Club #101"]
[Site "Toronto CAN"]
[Date "2007.01.08"]
[Round "1"]
[White "Maguire, Jack"]
[Black "Tellier, Raymond"]
[Result "1-0"]
[WhiteElo "1299"]
[BlackElo "1500"]
[PlyCount "99"]
[GameId "2160767910739407"]
[EventDate "2007.01.08"]
[EventType "tourn"]
[EventRounds "9"]
[EventCountry "CAN"]
[SourceTitle "EXT 2022"]
[Source "ChessBase"]
[SourceDate "2021.10.06"]
[SourceVersion "1"]
[SourceVersionDate "2021.10.06"]
[SourceQuality "1"]

1. d4 d5 2. Nf3 c6 3. Bf4 Nf6 4. e3 Bf5 5. Nbd2 e6 6. Be2 Bb4 7. c3 Be7 8. h3 O-O 9. O-O Nbd7 10. Re1 Ne4 11. Nxe4 Bxe4 12. Bd3 Nf6 13. Ne5 Bxd3 14. Qxd3 Ne4 15. f3 Nd6 16. e4 f6 17. Ng4 dxe4 18. fxe4 c5 19. dxc5 Nxe4 20. Qxe4 f5 21. Qxe6+ Kh8 22. Nf2 Bxc5 23. Qe5 Bb6 24. Bh6 Bxf2+ 25. Kxf2 Qh4+ 26. Kg1 Qxh6 27. Rad1 Qb6+ 28. Qd4 Kg8 29. Re7 Rf7 30. Rxf7 Kxf7 31. Qxb6 axb6 32. Rd7+ Kg6 33. Rxb7 Rxa2 34. Rxb6+ Kg5 35. c4 Ra1+ 36. Kf2 Rc1 37. Rb4 Rc2+ 38. Kf3 Kf6 39. g4 fxg4+ 40. hxg4 Ke5 41. Rb5+ Kd4 42. c5 Rxc5 43. Rxc5 Kxc5 44. Kf4 Kb4 45. Kf5 Kb3 46. Ke6 Kxb2 47. Kf7 Kc3 48. Kxg7 Kd4 49. Kxh7 Ke5 50. g5 1-0

[Event "Bayview Games Club #101"]
[Site "Toronto CAN"]
[Date "2007.01.08"]
[Round "1"]
[White "Shahabuddin, Alizadeh"]
[Black "Verde, Pino"]
[Result "1-0"]
[WhiteElo "1873"]
[BlackElo "1888"]
[PlyCount "88"]
[GameId "2160767910739408"]
[EventDate "2007.01.08"]
[EventType "tourn"]
[EventRounds "9"]
[EventCountry "CAN"]
[SourceTitle "EXT 2022"]
[Source "ChessBase"]
[SourceDate "2021.10.06"]
[SourceVersion "1"]
[SourceVersionDate "2021.10.06"]
[SourceQuality "1"]

1. e4 e5 2. Nf3 Nc6 3. Bb5 Nge7 4. c3 g6 5. O-O Bg7 6. d4 exd4 7. cxd4 a6 8. Ba4 O-O 9. Bf4 d6 10. h3 b5 11. Bb3 Na5 12. Bc2 c5 13. Nc3 cxd4 14. Nxd4 Qb6 15. Be3 Nc4 16. Nf5 Qc7 17. Nxe7+ Qxe7 18. Nd5 Qd8 19. Bf4 Nxb2 20. Qc1 Nc4 21. Bb3 Bxa1 22. Qxa1 f6 23. Qd4 Rb8 24. Nb4 Kg7 25. Bxc4 bxc4 26. Qxc4 Qb6 27. Nd5 Qd8 28. Rc1 Rf7 29. Nb4 Qb6 30. Nc6 Rbb7 31. Bxd6 Rbd7 32. e5 fxe5 33. Bxe5+ Kf8 34. Bd4 Rxd4 35. Nxd4 Bd7 36. Re1 Qb2 37. Re2 Qb1+ 38. Kh2 Qb8+ 39. g3 Bb5 40. Qc5+ Kg8 41. Rc2 Bd7 42. Nc6 Qb1 43. Ne5 Qf1 44. Nxd7 Rf5 1-0